[Event "Torneo Benidorm Gran Hotel Bali - B 2022"]
[Site "Benidorm ESP"]
[Date "2022.12.03"]
[Round "1.1"]
[White "Razkin Fraile, Mikel"]
[Black "Dura Olmos, Gines Raul"]
[Result "0-1"]
[WhiteElo "1685"]
[BlackElo "1998"]
[PlyCount "64"]
[EventDate "2022.12.03"]
[EventType "swiss"]
[EventRounds "9"]
[EventCountry "ESP"]
[SourceTitle "Ajedrez en Madrid"]
[Source "lmi"]
[SourceDate "2022.12.03"]
[SourceVersion "1"]
[SourceVersionDate "2022.12.10"]
[SourceQuality "1"]

1. e4 g6 2. Bc4 Bg7 3. d3 e6 4. Nc3 Ne7 5. Nge2 d5 6. exd5 exd5 7. Bb3 c6 8. O-O O-O 9. Ng3 Nd7 10. d4 Re8 11. Nce2 Nf6 12. c3 h6 13. Bc2 b6 14. f4 c5 15. dxc5 bxc5 16. Kh1 h5 17. f5 h4 18. fxg6 hxg3 19. gxf7+ Kxf7 20. Nxg3 Rh8 21. Nh5 Qd7 22. Bg5 Neg8 23. Qf3 Qg4 24. Qxd5+ Be6 25. Qxa8 Qxh5 26. Qxa7+ Ne7 27. Bf4 Qe2 28. Bd6 Bf8 29. Bxe7 Bxe7 30. Bg6+ Kxg6 31. Qxe7 Ng4 32. Rae1 Rxh2+ 0-1

[Event "Torneo Benidorm Gran Hotel Bali - B 2022"]
[Site "Benidorm ESP"]
[Date "2022.12.03"]
[Round "1.3"]
[White "Garcia Pastor, Marcelo"]
[Black "Nazarov, Alexander"]
[Result "1/2-1/2"]
[WhiteElo "1679"]
[BlackElo "1988"]
[PlyCount "98"]
[EventDate "2022.12.03"]
[EventType "swiss"]
[EventRounds "9"]
[EventCountry "ESP"]
[SourceTitle "Ajedrez en Madrid"]
[Source "lmi"]
[SourceDate "2022.12.03"]
[SourceVersion "1"]
[SourceVersionDate "2022.12.10"]
[SourceQuality "1"]

1. d4 d5 2. Nf3 Nf6 3. e3 e6 4. Bd3 c5 5. c3 Nc6 6. Nbd2 Bd6 7. O-O O-O 8. dxc5 Bxc5 9. e4 dxe4 10. Nxe4 Nxe4 11. Bxe4 Qxd1 12. Rxd1 Re8 13. Bf4 f6 14. Bd6 Bxd6 15. Rxd6 Rb8 16. Rad1 e5 17. R1d2 Na5 18. b4 Nc6 19. Bxc6 bxc6 20. Rxc6 Be6 21. a3 Rb6 22. Rdd6 Kf7 23. h3 Rc8 24. Rxb6 axb6 25. Rxb6 Rxc3 26. a4 Bd5 27. a5 Rc1+ 28. Kh2 Rb1 29. a6 h5 30. b5 g5 31. Nd2 Rb2 32. Nf3 Rxf2 33. Kg1 Ra2 34. Ne1 Be4 35. Rb7+ Ke6 36. Rb6+ Ke7 37. Rb7+ Ke6 38. Rb6+ Kf7 39. Rb7+ Kg6 40. Rc7 g4 41. hxg4 hxg4 42. Rc4 Kf5 43. g3 Ra1 44. Kf2 Ra2+ 45. Kg1 Ra1 46. Kf2 Ra2+ 47. Kg1 Ra1 48. Kf2 Ra2+ 49. Kg1 Rb2 1/2-1/2

[Event "Torneo Benidorm Gran Hotel Bali - B 2022"]
[Site "Benidorm ESP"]
[Date "2022.12.03"]
[Round "1.4"]
[White "Ramon Gualberto, Arturo"]
[Black "Platero Manteca, Javier"]
[Result "1-0"]
[WhiteElo "1986"]
[BlackElo "1673"]
[PlyCount "145"]
[EventDate "2022.12.03"]
[EventType "swiss"]
[EventRounds "9"]
[EventCountry "ESP"]
[SourceTitle "Ajedrez en Madrid"]
[Source "lmi"]
[SourceDate "2022.12.03"]
[SourceVersion "1"]
[SourceVersionDate "2022.12.10"]
[SourceQuality "1"]

1. d4 Nf6 2. c4 e6 3. Nc3 Bb4 4. Bd2 c5 5. a3 Bxc3 6. Bxc3 Ne4 7. Rc1 Qf6 8. Nf3 Nxc3 9. Rxc3 d6 10. g3 O-O 11. Bg2 Nc6 12. dxc5 dxc5 13. Qd6 Qe7 14. Qxe7 Nxe7 15. Ne5 Rb8 16. Rd3 Ng6 17. Nxg6 hxg6 18. b4 b6 19. Kd2 Bb7 20. Bxb7 Rxb7 21. Kc3 Rc8 22. Rhd1 Kf8 23. Rd8+ Rxd8 24. Rxd8+ Ke7 25. Rg8 cxb4+ 26. axb4 Kf6 27. c5 bxc5 28. bxc5 Ke5 29. Rd8 Rb1 30. f4+ Ke4 31. Rd4+ Ke3 32. Rc4 Rb8 33. c6 Rc8 34. c7 f6 35. Kb4 Kxe2 36. Kb5 Kd3 37. Rc6 e5 38. fxe5 fxe5 39. Rd6+ Ke3 40. Kc6 a5 41. Rd5 e4 42. Rxa5 Kf3 43. Kd7 Rxc7+ 44. Kxc7 e3 45. Kd6 e2 46. Re5 Kf2 47. Ke6 e1=Q 48. Rxe1 Kxe1 49. Kf7 g5 50. Kg6 Kf2 51. Kxg7 Kg2 52. h4 g4 53. h5 Kxg3 54. h6 Kf2 55. h7 g3 56. h8=Q g2 57. Qh4+ Ke2 58. Qg4+ Kf2 59. Qd4+ Kf1 60. Qd1+ Kf2 61. Qd2+ Kf1 62. Qf4+ Ke2 63. Qg3 Kf1 64. Qf3+ Kg1 65. Kg6 Kh2 66. Qf2 Kh1 67. Qh4+ Kg1 68. Kf5 Kf1 69. Qf4+ Ke2 70. Qg3 Kf1 71. Qf3+ Kg1 72. Kf4 Kh2 73. Qg3+ 1-0

[Event "Torneo Benidorm Gran Hotel Bali - B 2022"]
[Site "Benidorm ESP"]
[Date "2022.12.03"]
[Round "1.5"]
[White "Velamazan Gomez, Angel"]
[Black "Lloret Mauri, Jaime"]
[Result "0-1"]
[WhiteElo "1672"]
[BlackElo "1985"]
[PlyCount "126"]
[EventDate "2022.12.03"]
[EventType "swiss"]
[EventRounds "9"]
[EventCountry "ESP"]
[SourceTitle "Ajedrez en Madrid"]
[Source "lmi"]
[SourceDate "2022.12.03"]
[SourceVersion "1"]
[SourceVersionDate "2022.12.10"]
[SourceQuality "1"]

1. d4 e6 2. Nf3 d5 3. c4 Nf6 4. Nc3 Be7 5. Bg5 Nbd7 6. e3 O-O 7. Bd3 b6 8. cxd5 exd5 9. O-O Bb7 10. Rc1 Re8 11. Bb1 Ne4 12. Bxe7 Rxe7 13. Qc2 Ndf6 14. Ne5 c5 15. f3 cxd4 16. exd4 Nxc3 17. bxc3 g6 18. Rfe1 Rc8 19. Qd2 Kg7 20. Re3 Qd6 21. Rce1 Rec7 22. Rc1 Ba6 23. g3 Qa3 24. h4 b5 25. c4 Qa4 26. c5 b4 27. Rb3 Rb8 28. Bd3 Bxd3 29. Nxd3 a5 30. Rcb1 Re8 31. Ne5 Nd7 32. Nd3 Nb8 33. Nf4 Rd7 34. a3 Nc6 35. axb4 Nxb4 36. Nd3 Nc6 37. Ne5 Nxe5 38. dxe5 Rxe5 39. Qb2 d4 40. Rb5 Rdd5 41. Ra1 Qc4 42. Rc1 Qd3 43. Rb3 Qa6 44. Rb6 Qc8 45. c6 Qh3 46. Qg2 Qxg2+ 47. Kxg2 Rc5 48. Rd1 Rc2+ 49. Kh3 Rd5 50. Rd3 Rc3 51. Rb3 Rxc6 52. Ra3 Rc4 53. Kg4 a4 54. Kf4 Kf6 55. g4 h6 56. Ke4 Re5+ 57. Kf4 Rec5 58. Ke4 Re5+ 59. Kf4 g5+ 60. hxg5+ hxg5+ 61. Kg3 Rec5 62. f4 Rc3 63. Kf3 Rxa3 0-1

[Event "Torneo Benidorm Gran Hotel Bali - B 2022"]
[Site "Benidorm ESP"]
[Date "2022.12.03"]
[Round "1.6"]
[White "Vladut, Matei"]
[Black "Rico Sanchez, Julio"]
[Result "1-0"]
[WhiteElo "1979"]
[BlackElo "1671"]
[PlyCount "75"]
[EventDate "2022.12.03"]
[EventType "swiss"]
[EventRounds "9"]
[EventCountry "ESP"]
[SourceTitle "Ajedrez en Madrid"]
[Source "lmi"]
[SourceDate "2022.12.03"]
[SourceVersion "1"]
[SourceVersionDate "2022.12.10"]
[SourceQuality "1"]

1. e4 d5 2. exd5 Nf6 3. Nf3 Nxd5 4. d4 Bg4 5. h3 Bxf3 6. Qxf3 c6 7. a3 e6 8. c4 Nf6 9. Be3 Nbd7 10. Nc3 Qc7 11. Be2 Be7 12. O-O O-O 13. Rfd1 Rfd8 14. g4 h6 15. h4 Nh7 16. Qh3 Ndf8 17. Bd3 Ng6 18. Bxg6 fxg6 19. g5 hxg5 20. Qxe6+ Kh8 21. hxg5 Bxg5 22. Kg2 Qd7 23. Qxd7 Rxd7 24. Rh1 Bxe3 25. fxe3 Kg8 26. Rh3 Nf6 27. Rg3 Re8 28. Kf3 Rf7 29. Ke2 Nh5 30. Rf3 Nf4+ 31. Kd2 Nh5 32. Rxf7 Kxf7 33. Rf1+ Ke7 34. Rg1 Kf7 35. Kd3 Kf6 36. Ne4+ Ke6 37. Rxg6+ Kf5 38. Rg5+ 1-0

[Event "Torneo Benidorm Gran Hotel Bali - B 2022"]
[Site "Benidorm ESP"]
[Date "2022.12.03"]
[Round "1.7"]
[White "Sanchez Crespo, Jesus"]
[Black "Martinez Clari, Joan"]
[Result "1-0"]
[WhiteElo "1663"]
[BlackElo "1974"]
[PlyCount "101"]
[EventDate "2022.12.03"]
[EventType "swiss"]
[EventRounds "9"]
[EventCountry "ESP"]
[SourceTitle "Ajedrez en Madrid"]
[Source "lmi"]
[SourceDate "2022.12.03"]
[SourceVersion "1"]
[SourceVersionDate "2022.12.10"]
[SourceQuality "1"]

1. e4 d6 2. d4 Nf6 3. Nc3 Nbd7 4. Nf3 e5 5. Bc4 Be7 6. a4 O-O 7. O-O c6 8. h3 b6 9. Qe2 a6 10. Rd1 Qc7 11. Bg5 Re8 12. d5 c5 13. Rab1 Nh5 14. Bxe7 Rxe7 15. Nh4 Nf4 16. Qf1 Nf6 17. Nf5 Re8 18. f3 g6 19. Ne3 N6h5 20. Kh2 Qe7 21. Qe1 Ng7 22. g4 h5 23. Ng2 hxg4 24. fxg4 Qf6 25. Qg3 Bd7 26. Rf1 g5 27. Ne3 Qh6 28. Qf3 Reb8 29. b3 b5 30. Bd3 c4 31. bxc4 b4 32. Ne2 Bxa4 33. Ra1 Be8 34. Ra5 b3 35. Rb1 Qf6 36. Nxf4 exf4 37. Nd1 bxc2 38. Bxc2 Rxb1 39. Bxb1 Qd4 40. Qd3 Qb6 41. Ra2 f3 42. Rb2 Qc5 43. e5 Kf8 44. Qh7 Ne6 45. Qh8+ Ke7 46. Rb7+ Nc7 47. Qf6+ Kf8 48. e6 Kg8 49. Qxg5+ Kh8 50. e7 Qd4 51. Qh6+ 1-0

[Event "Torneo Benidorm Gran Hotel Bali - B 2022"]
[Site "Benidorm ESP"]
[Date "2022.12.04"]
[Round "2.1"]
[White "Dura Olmos, Gines Raul"]
[Black "Gonzalez Pabollet, Jesus Maria S"]
[Result "1-0"]
[WhiteElo "1998"]
[BlackElo "1811"]
[PlyCount "53"]
[EventDate "2022.12.03"]
[EventType "swiss"]
[EventRounds "9"]
[EventCountry "ESP"]
[SourceTitle "Ajedrez en Madrid"]
[Source "lmi"]
[SourceDate "2022.12.03"]
[SourceVersion "1"]
[SourceVersionDate "2022.12.10"]
[SourceQuality "1"]

1. Nf3 b6 2. g3 Bb7 3. Bg2 c5 4. c4 Nf6 5. O-O e6 6. Nc3 Be7 7. d4 cxd4 8. Nxd4 Bxg2 9. Kxg2 a6 10. e4 Nc6 11. Nxc6 dxc6 12. Qf3 e5 13. Rd1 Qc7 14. Be3 O-O 15. Na4 Rab8 16. b3 Rfd8 17. c5 b5 18. Nb6 Rxd1 19. Rxd1 Rd8 20. Rxd8+ Qxd8 21. Qf5 g6 22. Qxe5 Ng4 23. Qd4 Nxe3+ 24. Qxe3 Qd1 25. e5 h6 26. e6 f6 27. Qe4 1-0

[Event "Torneo Benidorm Gran Hotel Bali - B 2022"]
[Site "Benidorm ESP"]
[Date "2022.12.04"]
[Round "2.3"]
[White "Lloret Mauri, Jaime"]
[Black "Torras Campdelacreu, Xavier"]
[Result "1-0"]
[WhiteElo "1985"]
[BlackElo "1800"]
[PlyCount "45"]
[EventDate "2022.12.03"]
[EventType "swiss"]
[EventRounds "9"]
[EventCountry "ESP"]
[SourceTitle "Ajedrez en Madrid"]
[Source "lmi"]
[SourceDate "2022.12.03"]
[SourceVersion "1"]
[SourceVersionDate "2022.12.10"]
[SourceQuality "1"]

1. e4 c5 2. Nf3 d6 3. c3 Nf6 4. Bc4 e6 5. Qe2 Be7 6. d4 cxd4 7. cxd4 O-O 8. Bb3 Bd7 9. O-O a5 10. Nc3 Nc6 11. e5 dxe5 12. dxe5 Ne8 13. Rd1 Qc8 14. Qd3 Nb8 15. Bg5 f6 16. Bh4 Bc5 17. exf6 Nxf6 18. Rac1 Bc6 19. Ng5 Bd7 20. Na4 Na6 21. Nb6 Nb4 22. Qe2 Qc6 23. Nxd7 1-0

[Event "Torneo Benidorm Gran Hotel Bali - B 2022"]
[Site "Benidorm ESP"]
[Date "2022.12.04"]
[Round "2.4"]
[White "Martinez Rodriguez, Eugenio"]
[Black "Vladut, Matei"]
[Result "0-1"]
[WhiteElo "1799"]
[BlackElo "1979"]
[PlyCount "110"]
[EventDate "2022.12.03"]
[EventType "swiss"]
[EventRounds "9"]
[EventCountry "ESP"]
[SourceTitle "Ajedrez en Madrid"]
[Source "lmi"]
[SourceDate "2022.12.03"]
[SourceVersion "1"]
[SourceVersionDate "2022.12.10"]
[SourceQuality "1"]

1. e4 c5 2. Nf3 Nc6 3. d4 cxd4 4. Nxd4 g6 5. Nc3 Bg7 6. Be3 Nf6 7. Bc4 d6 8. f3 Qb6 9. Nf5 Qxb2 10. Nxg7+ Kf8 11. Bd2 Qb4 12. Bb3 Kxg7 13. Nd5 Qc5 14. Be3 Qa5+ 15. Bd2 Qd8 16. Bc3 e5 17. O-O Nxd5 18. Bxd5 Re8 19. f4 f6 20. Rb1 Qe7 21. f5 Qc7 22. fxg6 hxg6 23. Qf3 Rf8 24. Bd2 Nd8 25. Qf2 Qe7 26. Rb3 Be6 27. Rf3 Bxd5 28. exd5 f5 29. Qe3 f4 30. Rxf4 Rxf4 31. Rxf4 Nf7 32. Rc4 b6 33. Qc3 Rd8 34. Rc7 Rd7 35. Rc8 Qh4 36. Rc4 Qh5 37. Qf3 Qh8 38. Qg4 Qd8 39. Qh3 Rc7 40. Qc3 Rxc4 41. Qxc4 Qd7 42. Bc3 Qf5 43. Qc7 Qe4 44. Qc6 b5 45. Ba5 Qd4+ 46. Kf1 Qa1+ 47. Kf2 Qxa2 48. Bb4 Qc4 49. c3 Qf4+ 50. Kg1 Qe3+ 51. Kf1 Qd3+ 52. Ke1 e4 53. Qe8 e3 54. c4 Qb1+ 55. Ke2 Qxb4 0-1

[Event "Torneo Benidorm Gran Hotel Bali - B 2022"]
[Site "Benidorm ESP"]
[Date "2022.12.04"]
[Round "2.5"]
[White "Guillen Montiel, Jose Luis"]
[Black "Castrillon Otero, Javier"]
[Result "0-1"]
[WhiteElo "1790"]
[BlackElo "1972"]
[PlyCount "108"]
[EventDate "2022.12.03"]
[EventType "swiss"]
[EventRounds "9"]
[EventCountry "ESP"]
[SourceTitle "Ajedrez en Madrid"]
[Source "lmi"]
[SourceDate "2022.12.03"]
[SourceVersion "1"]
[SourceVersionDate "2022.12.10"]
[SourceQuality "1"]

1. e4 d5 2. exd5 Qxd5 3. Nc3 Qa5 4. Nf3 Nf6 5. d4 c6 6. Bd2 Bf5 7. Bc4 e6 8. O-O Bb4 9. a3 Bxc3 10. Bxc3 Qc7 11. Re1 O-O 12. Bd3 Bxd3 13. Qxd3 Nbd7 14. h3 Rfd8 15. Qe2 b5 16. a4 a6 17. Ne5 Nxe5 18. dxe5 Nd5 19. Bd2 Rdb8 20. axb5 axb5 21. Rxa8 Rxa8 22. b3 b4 23. Qg4 Qe7 24. Qc4 Qb7 25. Re4 Rb8 26. Rg4 Kh8 27. Rh4 Qe7 28. Qe4 g6 29. Rg4 Rb5 30. Bg5 Qa7 31. Qe1 Ra5 32. Kh2 Rc5 33. Qd2 Qa1 34. Rd4 h5 35. f4 Qc3 36. Qxc3 Rxc3 37. Rd2 Kg7 38. g3 Kf8 39. Bh4 Ke8 40. Kg1 Kd7 41. Kf2 Kc7 42. Ke2 Re3+ 43. Kf2 Rc3 44. Ke2 Kb6 45. Kd1 Re3 46. Kc1 Nc3 47. Rd3 Re2 48. g4 hxg4 49. hxg4 Rg2 50. Bg3 Rxg3 51. Rxg3 Ne2+ 52. Kd2 Nxg3 53. Ke3 Kc5 54. Kf3 Nf1 0-1

[Event "Torneo Benidorm Gran Hotel Bali - B 2022"]
[Site "Benidorm ESP"]
[Date "2022.12.04"]
[Round "2.6"]
[White "Stamenov, Valeriy"]
[Black "Skalli, Taoufik"]
[Result "0-1"]
[WhiteElo "1782"]
[BlackElo "1958"]
[PlyCount "84"]
[EventDate "2022.12.03"]
[EventType "swiss"]
[EventRounds "9"]
[EventCountry "ESP"]
[SourceTitle "Ajedrez en Madrid"]
[Source "lmi"]
[SourceDate "2022.12.03"]
[SourceVersion "1"]
[SourceVersionDate "2022.12.10"]
[SourceQuality "1"]

1. e4 c5 2. Nc3 g6 3. f4 Bg7 4. Nf3 Nc6 5. Bb5 Nd4 6. O-O e6 7. d3 Ne7 8. a3 a6 9. Bc4 O-O 10. Nxd4 cxd4 11. Ne2 d5 12. exd5 Nxd5 13. Qe1 b5 14. Bb3 Bb7 15. Qg3 Rc8 16. Bd2 a5 17. a4 b4 18. Kh1 h5 19. Rac1 Ne7 20. f5 Nxf5 21. Rxf5 h4 22. Qg5 gxf5 23. Qxd8 Rfxd8 24. Bg5 h3 25. Bxd8 Bxg2+ 26. Kg1 Bh6 27. Bh4 Bxc1 28. Nxc1 Bd5 29. Bf6 Bxb3 30. Nxb3 Rxc2 31. Bxd4 Rg2+ 32. Kf1 Rxh2 33. Be5 f4 34. Nxa5 Rd2 35. Bxf4 h2 36. Bxh2 Rxh2 37. Nc4 Kf8 38. a5 Ke7 39. a6 Rh1+ 40. Ke2 Ra1 41. Na3 bxa3 42. b3 Rh1 0-1

[Event "Torneo Benidorm Gran Hotel Bali - B 2022"]
[Site "Benidorm ESP"]
[Date "2022.12.04"]
[Round "2.7"]
[White "Gomez Pastrana, Juan"]
[Black "Bascunana Sanchez, Pablo"]
[Result "1/2-1/2"]
[WhiteElo "1957"]
[BlackElo "1786"]
[PlyCount "88"]
[EventDate "2022.12.03"]
[EventType "swiss"]
[EventRounds "9"]
[EventCountry "ESP"]
[SourceTitle "Ajedrez en Madrid"]
[Source "lmi"]
[SourceDate "2022.12.03"]
[SourceVersion "1"]
[SourceVersionDate "2022.12.10"]
[SourceQuality "1"]

1. d4 Nf6 2. c4 g6 3. Nc3 Bg7 4. Bg5 d6 5. e3 O-O 6. Bd3 c6 7. Nf3 Bg4 8. h3 Bxf3 9. Qxf3 Nbd7 10. Rd1 Qc7 11. O-O Rfe8 12. Bc2 Qa5 13. Bf4 Rad8 14. Bg3 Qb4 15. Bb3 Qa5 16. Qe2 Bf8 17. f4 Bg7 18. e4 e5 19. fxe5 dxe5 20. d5 Nh5 21. Bh2 Bh6 22. Kh1 Qc5 23. Qf3 Rf8 24. Bg1 Qe7 25. c5 Bf4 26. Ne2 cxd5 27. exd5 e4 28. Qf2 Be5 29. d6 Qg5 30. Bh2 Bxh2 31. Kxh2 Qxc5 32. Bxf7+ Kg7 33. Nd4 Qe5+ 34. Kg1 Nc5 35. b4 Rxd6 36. bxc5 Rf6 37. Qe3 R8xf7 38. Rxf6 Nxf6 39. Nf3 Qg3 40. Qg5 Qxg5 41. Nxg5 Re7 42. Rd6 e3 43. Re6 Rxe6 44. Nxe6+ Kg8 1/2-1/2

[Event "Torneo Benidorm Gran Hotel Bali - B 2022"]
[Site "Benidorm ESP"]
[Date "2022.12.05"]
[Round "3.1"]
[White "Hall, Rachid"]
[Black "Dura Olmos, Gines Raul"]
[Result "0-1"]
[WhiteElo "1873"]
[BlackElo "1998"]
[PlyCount "110"]
[EventDate "2022.12.03"]
[EventType "swiss"]
[EventRounds "9"]
[EventCountry "ESP"]
[SourceTitle "Ajedrez en Madrid"]
[Source "lmi"]
[SourceDate "2022.12.03"]
[SourceVersion "1"]
[SourceVersionDate "2022.12.10"]
[SourceQuality "1"]

1. e4 g6 2. Bc4 Bg7 3. c3 e6 4. d4 d5 5. Bd3 dxe4 6. Bxe4 Nf6 7. Bf3 O-O 8. Bg5 h6 9. Bxf6 Qxf6 10. Nd2 e5 11. d5 Qe7 12. Qb3 Nd7 13. Ne2 Nc5 14. Qc4 b5 15. d6 cxd6 16. Qxb5 e4 17. Nxe4 Nxe4 18. O-O Bf5 19. Rfe1 Rab8 20. Qd5 Qe5 21. Bxe4 Bxe4 22. Qd2 Qg5 23. Nf4 Bxg2 24. h4 Qg4 25. Nxg2 Be5 26. Rad1 Rb6 27. b3 Qh3 28. Qd5 Qxc3 29. Re3 Qc8 30. f4 Bf6 31. Kh2 h5 32. Rg3 Kg7 33. Ne3 Kh7 34. Qf3 Rc6 35. Nd5 Rc2+ 36. Rg2 Rxg2+ 37. Qxg2 Bxh4 38. Rd4 Qf5 39. Ne3 Qc5 40. Nc2 Rc8 41. Rc4 Qf5 42. Ne3 Qd7 43. f5 Rxc4 44. fxg6+ fxg6 45. Nxc4 Bf6 46. Qd5 Qe7 47. Qf3 Be5+ 48. Kg2 Qg5+ 49. Kf2 Qh4+ 50. Kf1 Qf4 51. Qxf4 Bxf4 52. b4 d5 53. Na5 d4 54. Ke2 h4 55. Nc6 h3 0-1

[Event "Torneo Benidorm Gran Hotel Bali - B 2022"]
[Site "Benidorm ESP"]
[Date "2022.12.05"]
[Round "3.2"]
[White "Romera Carrion, Ruben"]
[Black "Lloret Mauri, Jaime"]
[Result "1-0"]
[WhiteElo "1870"]
[BlackElo "1985"]
[PlyCount "55"]
[EventDate "2022.12.03"]
[EventType "swiss"]
[EventRounds "9"]
[EventCountry "ESP"]
[SourceTitle "Ajedrez en Madrid"]
[Source "lmi"]
[SourceDate "2022.12.03"]
[SourceVersion "1"]
[SourceVersionDate "2022.12.10"]
[SourceQuality "1"]

1. e4 e6 2. d4 d5 3. Bd3 c5 4. exd5 exd5 5. Nf3 c4 6. Be2 Nf6 7. O-O Bd6 8. b3 Qc7 9. bxc4 dxc4 10. Na3 Be6 11. Nb5 Qc6 12. Nxd6+ Qxd6 13. a4 Nc6 14. Ba3 Qc7 15. Rb1 b6 16. Ng5 Bd5 17. Rb5 O-O-O 18. c3 h6 19. Nf3 Ne4 20. Qc2 Rhe8 21. Nd2 Nxc3 22. Bg4+ Kb8 23. Qxc3 Qf4 24. Rxd5 Rxd5 25. Qxc4 Ne7 26. Bxe7 Rxd4 27. Qc6 Qxg4 28. Qxe8+ 1-0

[Event "Torneo Benidorm Gran Hotel Bali - B 2022"]
[Site "Benidorm ESP"]
[Date "2022.12.05"]
[Round "3.3"]
[White "Vladut, Matei"]
[Black "Lorenzo Calvo, Damian Angel"]
[Result "0-1"]
[WhiteElo "1979"]
[BlackElo "1859"]
[PlyCount "98"]
[EventDate "2022.12.03"]
[EventType "swiss"]
[EventRounds "9"]
[EventCountry "ESP"]
[SourceTitle "Ajedrez en Madrid"]
[Source "lmi"]
[SourceDate "2022.12.03"]
[SourceVersion "1"]
[SourceVersionDate "2022.12.10"]
[SourceQuality "1"]

1. c4 c5 2. g3 Nc6 3. Bg2 g6 4. Nc3 Bg7 5. Rb1 e6 6. a3 Nge7 7. b4 d6 8. Nf3 O-O 9. O-O Rb8 10. bxc5 dxc5 11. Ne4 b6 12. d3 f5 13. Ned2 Bb7 14. Bb2 e5 15. Ne1 Qd6 16. Nb3 g5 17. Nc2 Nd4 18. Ncxd4 exd4 19. Bc1 h6 20. Nd2 Rfe8 21. a4 Bxg2 22. Kxg2 Nc6 23. Nb3 a5 24. h3 Nb4 25. g4 fxg4 26. hxg4 Qc6+ 27. f3 Qxa4 28. Ra1 Qd7 29. Nd2 Nc6 30. Ne4 Ne5 31. Qe1 Nf7 32. Qg3 Rbd8 33. Bd2 Nd6 34. Rab1 Nxe4 35. fxe4 Qd6 36. Qh3 Rf8 37. Rf5 Qg6 38. Qh2 Rxf5 39. gxf5 Qd6 40. Qh5 a4 41. Rf1 Rf8 42. Ra1 Qc6 43. Kh3 a3 44. Kg4 Rxf5 45. Rxa3 Rf1 46. Kg3 Qf6 47. Qh3 Qf2+ 48. Kg4 Qxe2+ 49. Kg3 Qf3+ 0-1

[Event "Torneo Benidorm Gran Hotel Bali - B 2022"]
[Site "Benidorm ESP"]
[Date "2022.12.05"]
[Round "3.4"]
[White "Castrillon Otero, Javier"]
[Black "Santamaria Baeza, Adolfo"]
[Result "1-0"]
[WhiteElo "1972"]
[BlackElo "1844"]
[PlyCount "143"]
[EventDate "2022.12.03"]
[EventType "swiss"]
[EventRounds "9"]
[EventCountry "ESP"]
[SourceTitle "Ajedrez en Madrid"]
[Source "lmi"]
[SourceDate "2022.12.03"]
[SourceVersion "1"]
[SourceVersionDate "2022.12.10"]
[SourceQuality "1"]

1. d4 Nf6 2. c4 e6 3. Nc3 Bb4 4. Qc2 Bxc3+ 5. Qxc3 Ne4 6. Qc2 f5 7. e3 b6 8. Nf3 Bb7 9. Bd3 O-O 10. O-O Rf6 11. Nd2 Rh6 12. Bxe4 Qh4 13. Nf3 Bxe4 14. Nxh4 Bxc2 15. Nf3 Bd3 16. Re1 Bxc4 17. Ne5 Bb5 18. a4 Bc6 19. Bd2 Bb7 20. a5 d6 21. Nd3 Rf6 22. axb6 axb6 23. Rxa8 Bxa8 24. Ra1 Be4 25. Nf4 e5 26. dxe5 dxe5 27. Ne2 Nd7 28. Bc3 Rd6 29. Ng3 Bc2 30. Kf1 f4 31. Ne2 fxe3 32. fxe3 Bd3 33. Ke1 Bxe2 34. Kxe2 Kf7 35. Ra7 Rc6 36. Kf3 Ke6 37. g4 h6 38. h4 Nf6 39. Ra8 e4+ 40. Kg3 Kf7 41. Bd4 Ne8 42. Kf4 Nd6 43. Rd8 g5+ 44. hxg5 hxg5+ 45. Kxg5 Ke7 46. Rg8 Ke6 47. Bc3 Kd5 48. Kf4 Kc4 49. g5 Kd3 50. Rd8 Rc5 51. Bd4 Rf5+ 52. Kg4 Rf1 53. g6 Rg1+ 54. Kh5 Rh1+ 55. Kg5 Ke2 56. Rxd6 cxd6 57. g7 Rg1+ 58. Kf6 Kd3 59. Kf7 Rf1+ 60. Ke6 Rg1 61. Kxd6 Rg6+ 62. Ke7 Rxg7+ 63. Bxg7 Kxe3 64. Kd6 Kd3 65. Kd5 e3 66. Bc3 Kc2 67. Kc4 e2 68. b4 b5+ 69. Kd4 Kd1 70. Kc5 Kc2 71. Be1 Kd1 72. Bh4 1-0

[Event "Torneo Benidorm Gran Hotel Bali - B 2022"]
[Site "Benidorm ESP"]
[Date "2022.12.05"]
[Round "3.5"]
[White "Skalli, Taoufik"]
[Black "Bravo Plaza, Luis"]
[Result "0-1"]
[WhiteElo "1958"]
[BlackElo "1835"]
[PlyCount "96"]
[EventDate "2022.12.03"]
[EventType "swiss"]
[EventRounds "9"]
[EventCountry "ESP"]
[SourceTitle "Ajedrez en Madrid"]
[Source "lmi"]
[SourceDate "2022.12.03"]
[SourceVersion "1"]
[SourceVersionDate "2022.12.10"]
[SourceQuality "1"]

1. e4 c5 2. Nf3 d6 3. d4 cxd4 4. Nxd4 Nf6 5. Nc3 a6 6. Be3 g6 7. Be2 Bg7 8. O-O O-O 9. Nb3 Nbd7 10. f4 b5 11. a3 Bb7 12. Bf3 Nb6 13. Na5 Nc4 14. Nxc4 bxc4 15. Qd2 Qc7 16. Rab1 Rac8 17. Rfe1 Bc6 18. Qf2 Qb7 19. Bd2 Rfd8 20. Kh1 d5 21. e5 Ne4 22. Bxe4 dxe4 23. Be3 Rd7 24. Ne2 e6 25. c3 Rd3 26. Nd4 Bd5 27. h4 h5 28. Kh2 Rb8 29. Ne2 Qc7 30. Bd4 Rd2 31. Qe3 Rdxb2 32. Rxb2 Rxb2 33. Ng3 Qb7 34. Nxe4 Kh8 35. Kh3 Ra2 36. g4 Qb2 37. Nf2 hxg4+ 38. Kxg4 Qc2 39. Kg3 Bh6 40. Qc1 Qf5 41. Qe3 Rb2 42. a4 Bf8 43. Re2 Rb1 44. Ng4 Be7 45. Nh6 Bxh4+ 46. Kxh4 Qh5+ 47. Kg3 Rh1 48. Nxf7+ Kg7 0-1

[Event "Torneo Benidorm Gran Hotel Bali - B 2022"]
[Site "Benidorm ESP"]
[Date "2022.12.05"]
[Round "3.6"]
[White "Aledo Yanguas, David"]
[Black "Tusu, Nicolae-Dan"]
[Result "1-0"]
[WhiteElo "1953"]
[BlackElo "1823"]
[PlyCount "59"]
[EventDate "2022.12.03"]
[EventType "swiss"]
[EventRounds "9"]
[EventCountry "ESP"]
[SourceTitle "Ajedrez en Madrid"]
[Source "lmi"]
[SourceDate "2022.12.03"]
[SourceVersion "1"]
[SourceVersionDate "2022.12.10"]
[SourceQuality "1"]

1. e4 c5 2. c3 e5 3. f4 Nc6 4. Nf3 d6 5. Bb5 Qc7 6. d4 a6 7. Bxc6+ Qxc6 8. fxe5 cxd4 9. Qxd4 dxe5 10. Nxe5 Qc7 11. Nd3 Be6 12. Bf4 Qc6 13. Ne5 Qb5 14. b4 Rd8 15. Qe3 a5 16. a4 Qa6 17. Na3 axb4 18. Nb5 Qa5 19. Nd3 Rd7 20. Nc5 Bc4 21. Nxd7 Bxb5 22. Nxf8 bxc3 23. Qc5 c2+ 24. Kf2 Nf6 25. Qxb5+ Qxb5 26. axb5 Rxf8 27. Ra8+ Ke7 28. Rxf8 Kxf8 29. Kf3 Ke7 30. Bg5 1-0

[Event "Torneo Benidorm Gran Hotel Bali - B 2022"]
[Site "Benidorm ESP"]
[Date "2022.12.05"]
[Round "3.7"]
[White "Aragon Gutierrez, Alejandro"]
[Black "Lloret Climent, Miguel"]
[Result "0-1"]
[WhiteElo "1848"]
[BlackElo "1952"]
[PlyCount "86"]
[EventDate "2022.12.03"]
[EventType "swiss"]
[EventRounds "9"]
[EventCountry "ESP"]
[SourceTitle "Ajedrez en Madrid"]
[Source "lmi"]
[SourceDate "2022.12.03"]
[SourceVersion "1"]
[SourceVersionDate "2022.12.10"]
[SourceQuality "1"]

1. Nf3 d5 2. c4 c6 3. d4 Nf6 4. Nc3 e6 5. e3 Nbd7 6. Bd3 dxc4 7. Bxc4 b5 8. Bd3 Bb7 9. O-O a6 10. Qe2 c5 11. b3 Bd6 12. Bb2 O-O 13. Rfd1 Qe7 14. Rac1 Rad8 15. a4 b4 16. Nb1 a5 17. Nbd2 cxd4 18. exd4 Nd5 19. g3 Rc8 20. Nc4 Bc7 21. Rc2 Qf6 22. Nfe5 Nxe5 23. dxe5 Qg5 24. h4 Qe7 25. Qh5 g6 26. Qh6 Rfd8 27. h5 Nc3 28. Bxc3 bxc3 29. hxg6 fxg6 30. Qe3 Qf7 31. Be2 Qf5 32. Rxc3 Qh3 33. f3 Qxg3+ 34. Kf1 Rxd1+ 35. Bxd1 Rd8 36. Rd3 Bd5 37. Be2 Rf8 38. Nd2 Bxe5 39. Ne4 Qh3+ 40. Ke1 Bf4 41. Qg1 Qh4+ 42. Kd1 Rc8 43. Rc3 Bxb3+ 0-1